Protikorupční politika v České republice
Zmapovanie procesu utvárania a vývoja antikorupčnej politiky v Česku a zhodnotenie efektívnosti jej praktickej implementácie. Vládny program boja proti korupcii.
Salvato in:
| Autore principale: | |
|---|---|
| Natura: | Capitolo di libro |
| Lingua: | ceco |
| Soggetti: | |
| Tags: |
Nessun Tag, puoi essere il primo ad aggiungerne!!
|
MARC
| LEADER | 00000nla$a2200000$$$4500 | ||
|---|---|---|---|
| 001 | 0115141 | ||
| 005 | 20221207082052.5 | ||
| 041 | 0 | |a cze | |
| 044 | |a SK | ||
| 245 | 1 | 0 | |a Protikorupční politika v České republice |c Jolana Volejníková |
| 520 | |a Zmapovanie procesu utvárania a vývoja antikorupčnej politiky v Česku a zhodnotenie efektívnosti jej praktickej implementácie. Vládny program boja proti korupcii. | ||
| 610 | 2 | 0 | |a korupcia |
| 610 | 2 | 0 | |a etika |
| 610 | 2 | 0 | |a činy trestné |
| 610 | 2 | 0 | |a Česko |
| 100 | 1 | |a Volejníková, Jolana | |